<?xml version="1.0" encoding="UTF-8"?>
<marc:record xmlns:marc="http://www.loc.gov/MARC21/slim">
   <marc:leader>00000nam a2200000 a 4500</marc:leader>
   <marc:datafield ind1="1" ind2=" " tag="100">
      <marc:subfield code="a">Ernesti, Jörg</marc:subfield>
      <marc:subfield code="4">edt</marc:subfield>
      <marc:subfield code="e">Bearbeiter/-in</marc:subfield>
   </marc:datafield>
   <marc:datafield ind1="1" ind2=" " tag="100">
      <marc:subfield code="a">Moling, Markus</marc:subfield>
      <marc:subfield code="4">edt</marc:subfield>
      <marc:subfield code="e">Bearbeiter/-in</marc:subfield>
   </marc:datafield>
   <marc:datafield ind1="1" ind2=" " tag="100">
      <marc:subfield code="a">Lintner, Martin M.</marc:subfield>
      <marc:subfield code="4">edt</marc:subfield>
      <marc:subfield code="e">Bearbeiter/-in</marc:subfield>
   </marc:datafield>
   <marc:datafield ind1=" " ind2=" " tag="653">
      <marc:subfield code="a">Reformation</marc:subfield>
   </marc:datafield>
   <marc:datafield ind1=" " ind2=" " tag="653">
      <marc:subfield code="a">Katholische Theologie</marc:subfield>
   </marc:datafield>
   <marc:datafield ind1=" " ind2=" " tag="653">
      <marc:subfield code="a">Brixner Theologisches Jahrbuch</marc:subfield>
   </marc:datafield>
   <marc:datafield ind1=" " ind2=" " tag="653">
      <marc:subfield code="a">Gegenreformation</marc:subfield>
   </marc:datafield>
   <marc:datafield ind1=" " ind2=" " tag="653">
      <marc:subfield code="a">Kirchenspaltung</marc:subfield>
   </marc:datafield>
   <marc:datafield ind1=" " ind2=" " tag="653">
      <marc:subfield code="a">Konfessionalismus</marc:subfield>
   </marc:datafield>
   <marc:datafield ind1=" " ind2=" " tag="653">
      <marc:subfield code="a">Martin Luther</marc:subfield>
   </marc:datafield>
   <marc:datafield ind1=" " ind2=" " tag="653">
      <marc:subfield code="a">Reformationsgedenken</marc:subfield>
   </marc:datafield>
   <marc:datafield ind1=" " ind2=" " tag="653">
      <marc:subfield code="a">Reformationsjubiläum</marc:subfield>
   </marc:datafield>
   <marc:datafield ind1=" " ind2=" " tag="653">
      <marc:subfield code="a">Ökumene</marc:subfield>
   </marc:datafield>
   <marc:datafield ind1=" " ind2=" " tag="653">
      <marc:subfield code="a">Softcover / Religion</marc:subfield>
   </marc:datafield>
   <marc:datafield ind1=" " ind2=" " tag="653">
      <marc:subfield code="a">Theologie/Christentum</marc:subfield>
   </marc:datafield>
   <marc:datafield ind1=" " ind2=" " tag="653">
      <marc:subfield code="a">Aufsatzsammlung</marc:subfield>
   </marc:datafield>
   <marc:datafield ind1="0" ind2="0" tag="245">
      <marc:subfield code="a">Weltereignis Reformation</marc:subfield>
   </marc:datafield>
   <marc:datafield ind1="0" ind2="0" tag="245">
      <marc:subfield code="b">Anstöße und Auswirkungen = Evento riforma</marc:subfield>
   </marc:datafield>
   <marc:datafield ind1="0" ind2="0" tag="245">
      <marc:subfield code="c">herausgegeben von Jörg Ernesti - Martin M. Lintner - Markus Moling</marc:subfield>
   </marc:datafield>
   <marc:datafield ind1=" " ind2="1" tag="264">
      <marc:subfield code="a">Brixen</marc:subfield>
      <marc:subfield code="b">Verlag A. Weger</marc:subfield>
      <marc:subfield code="c">2017</marc:subfield>
   </marc:datafield>
   <marc:datafield ind1="1" ind2=" " tag="490">
      <marc:subfield code="a">Brixner theologisches Jahrbuch</marc:subfield>
      <marc:subfield code="v">7. Jahrgang (2016)</marc:subfield>
   </marc:datafield>
   <marc:datafield ind1="1" ind2=" " tag="520">
      <marc:subfield code="a">Angaben aus der Verlagsmeldung

Weltereignis Reformation : Anstöße und Auswirkungen

Luthers Thesenanschlag als Anstoß für die Erneuerung der – katholischen – Kirche

Im Jahr 2017 jährt sich zum 500. Mal die Veröffentlichung der Thesen zum Ablass durch Martin Luther, die gemeinhin als Beginn der Reformation angesehen wird. Neben dem Jahr 1054, als sich Ost- und Westkirche spalteten, markiert dieses Datum einen zweiten großen Einschnitt in der Geschichte des Christentums. Die theologischen Intuitionen des Reformators – Alleinverbindlichkeit der Bibel, Wiederentdeckung des Priestertums aller Gläubigen, Rechtfertigungslehre und vieles mehr – gaben den Anstoß zur Bildung neuer Konfessionen, in denen heute fast 40 Prozent aller Christen leben. Durch die Auseinandersetzung mit dem Protestantismus veränderte sich seit dem Konzil von Trient auch die Gestalt der katholischen Theologie und Frömmigkeit.
Die Professorinnen und Professoren der Philosophisch-Theologischen Hochschule Brixen, unterstützt durch Forscherinnen und Forscher aus kooperierenden Universitäten, nehmen das anstehende Gedenkjahr zum Anlass, der Reformation und ihren Auswirkungen nachzugehen. Aus der Sicht ihres jeweiligen Fachs beleuchten sie Bedeutung des „Weltereignisses“ 1517 für die Gegenwart.
Mit Beiträgen von: Christoph J. Amor, Jörg Ernesti, Walter Lorenz, Martin M. Lintner, Markus Moling, Alexander Notdurfter, Markus Schmidt SJ u. a.

Fortsetzungspreis: € 19,95
</marc:subfield>
   </marc:datafield>
   <marc:datafield ind1=" " ind2=" " tag="020">
      <marc:subfield code="a">9783702236038</marc:subfield>
      <marc:subfield code="9">9783702236038</marc:subfield>
   </marc:datafield>
   <marc:datafield ind1=" " ind2=" " tag="020">
      <marc:subfield code="a">3702236031</marc:subfield>
      <marc:subfield code="9">3702236031</marc:subfield>
   </marc:datafield>
   <marc:datafield ind1=" " ind2=" " tag="041">
      <marc:subfield code="a">ger</marc:subfield>
   </marc:datafield>
   <marc:datafield ind1=" " ind2=" " tag="300">
      <marc:subfield code="a">250 Seiten</marc:subfield>
   </marc:datafield>
</marc:record>
